PHYSICAL PHARMACY: AS FOR B PHARMA SYLLABUS OF AICTE (Record no. 6172)

MARC details
000 -LEADER
fixed length control field 00480nam a22001817a 4500
005 - DATE AND TIME OF LATEST TRANSACTION
control field 20230117104920.0
008 - FIXED-LENGTH DATA ELEMENTS--GENERAL INFORMATION
fixed length control field 200319b xxu||||| |||| 00| 0 eng d
020 ## - INTERNATIONAL STANDARD BOOK NUMBER
ISBN 9788123913933
041 ## - LANGUAGE CODE
Language code of text/sound track or separate title eng
082 ## - DEWEY DECIMAL CLASSIFICATION NUMBER
Classification number 615.19
Item number AGA-P
100 ## - MAIN ENTRY--AUTHOR NAME
Personal name AGARWAL ,S.P AND RAJESH
245 ## - TITLE STATEMENT
Title PHYSICAL PHARMACY: AS FOR B PHARMA SYLLABUS OF AICTE
250 ## - EDITION STATEMENT
Edition statement 2000, 2ND ED.
260 ## - PUBLICATION, DISTRIBUTION, ETC. (IMPRINT)
Place of publication NEW DELHI
Name of publisher CBS
Year of publication 2018
300 ## - PHYSICAL DESCRIPTION
Number of Pages 330;p
650 ## - SUBJECT ADDED ENTRY--TOPICAL TERM
Topical Term PHARMACY
General subdivision B.PHARMA
942 ## - ADDED ENTRY ELEMENTS (KOHA)
Koha item type Books
Holdings
Lost status Damaged status Collection code Home library Current library Shelving location Date acquired Source of acquisition Cost, normal purchase price Full call number Accession Number Koha item type
    PHARMACY JRU Library JRU Library Shelf - 23- D 19/03/2020 PURCHESS 450.00 615.19 23863 Books
    Reference JRU Library JRU Library SHELF-4-C 18/02/2021 PURCHES 495.00 615.19 25467 Books
    PHARMACY JRU Library JRU Library Shelf - 23- D 18/02/2021 PURCHES 495.00 615.19 25468 Books
    PHARMACY JRU Library JRU Library Shelf - 23- D 18/02/2021 PURCHES 495.00 615.19 25469 Books
    PHARMACY JRU Library JRU Library SHELF - 19 - I 18/02/2021 PURCHES 495.00 615.19 25470 Books
    PHARMACY JRU Library JRU Library Shelf - 23- D 18/02/2021 PURCHES 495.00 615.19 25471 Books
    PHARMACY JRU Library JRU Library Shelf - 23- D 18/02/2021 PURCHES 495.00 615.19 25472 Books
    PHARMACY JRU Library JRU Library Shelf - 23- D 18/02/2021 PURCHES 495.00 615.19 25473 Books
    PHARMACY JRU Library JRU Library Shelf - 23- D 18/02/2021 PURCHES 495.00 615.19 25474 Books